| 000 | 00648nam a2200217 b 4500 | ||
|---|---|---|---|
| 001 | bimo0001782952 | ||
| 003 | OSt | ||
| 005 | 20140513213003.0 | ||
| 008 | 020531s2005 sp | ||| ||spa | ||
| 020 | _a84-7978-508-X | ||
| 040 | _cBMC | ||
| 082 | _a658.3 | ||
| 100 | 1 |
_918083 _aBaguer Alcalá, Ángel |
|
| 245 | 1 | 3 |
_aUn timón en la tormenta _b: cómo implantar con sencillez la gestión de los recursos humanos _cÁngel Baguer Alcalá |
| 250 | _a1ª reimp | ||
| 260 |
_aMadrid _bDíaz de Santos _c2005 |
||
| 300 |
_aXV, 298 p. _c24 cm |
||
| 504 | _aBibliografía: p. [297]-298 | ||
| 650 | 2 | 4 |
_aDirección de personal _96298 |
| 942 |
_2ddc _cBK |
||
| 999 |
_c9708 _d9708 |
||